| 000 | 01185cam a2200349 i 4500 | ||
|---|---|---|---|
| 999 |
_c200448600 _d66812 |
||
| 001 | 200448600 | ||
| 003 | TR-AnTOB | ||
| 005 | 20240913073756.0 | ||
| 007 | ta | ||
| 008 | 070827s2005 tu a b 00010 tur | ||
| 035 | _a(TR-AnTOB)200448600 | ||
| 040 |
_aGAZIU _beng _erda _cGAZIU _dTR-AnTOB |
||
| 041 | 0 | _atur | |
| 050 | 4 |
_aHG4028.S7 _bA43 2005 |
|
| 090 |
_aHG4028.S7 _bA43 2005 |
||
| 100 | 1 |
_aAkbulak, Sevinç _eauthor _952134 |
|
| 245 | 1 | 0 |
_aAnonim şirketlerin halka açılması / _cSevinç Akbulak, Yavuz Akbulak. |
| 264 | 1 |
_aMuğla : _bT.C. Muğla Üniversitesi İktisadi ve İdari Bilimler Fakültesi, _c2005. |
|
| 300 |
_a33 pages : _billustrations ; _c21 cm |
||
| 336 |
_atext _btxt _2rdacontent |
||
| 337 |
_aunmediated _bn _2rdamedia |
||
| 338 |
_avolume _bnc _2rdacarrier |
||
| 490 | 0 |
_aTartışma Tebliğleri ; _vno. II-2005/02. |
|
| 650 | 7 |
_aHalka açılma (Menkul değerler) _2etuturkob _9136707 |
|
| 650 | 7 |
_aŞirketler _xFinans _2 _93697 |
|
| 650 | 7 |
_aAnonim şirketler _2etuturkob _9136708 |
|
| 650 | 7 |
_aVergilendirme _2etuturkob _922874 |
|
| 700 | 1 |
_aAkbulak, Yavuz _eauthor _952135 |
|
| 942 |
_2lcc _cBK |
||